<?xml version="1.0" encoding="UTF-8"?>
<collection xmlns="http://www.loc.gov/MARC21/slim">
 <record>
  <leader>01256pamaa2200217   4500</leader>
  <controlfield tag="001">0000050164</controlfield>
  <controlfield tag="005">20130815090000.0</controlfield>
  <controlfield tag="008">120604s2011                             eng  </controlfield>
  <datafield tag="020" ind1="0" ind2="0">
   <subfield code="a">9781437705706 (CD-ROM) </subfield>
  </datafield>
  <datafield tag="090" ind1="0" ind2="0">
   <subfield code="a">R123 </subfield>
   <subfield code="b">CHA 2011</subfield>
  </datafield>
  <datafield tag="100" ind1="1" ind2="0">
   <subfield code="a">Chabner </subfield>
  </datafield>
  <datafield tag="245" ind1="1" ind2="4">
   <subfield code="a">The language of medicine [</subfield>
   <subfield code="m">CD-ROM]  </subfield>
   <subfield code="c">Davi-Ellen Chabner.</subfield>
  </datafield>
  <datafield tag="250" ind1="0" ind2="0">
   <subfield code="a">9th ed.</subfield>
  </datafield>
  <datafield tag="260" ind1="0" ind2="0">
   <subfield code="a">Saint Louis, Mo.: </subfield>
   <subfield code="b">Saunders/Elsevier, </subfield>
   <subfield code="c">2011.</subfield>
  </datafield>
  <datafield tag="300" ind1=" " ind2=" ">
   <subfield code="a">1 CD-ROM; </subfield>
   <subfield code="c">4.5 inch.</subfield>
  </datafield>
  <datafield tag="500" ind1="0" ind2="0">
   <subfield code="a">To accompany textbook titled &quot;The language of medicine / Davi-Ellen Chabner&quot;</subfield>
  </datafield>
  <datafield tag="501" ind1="0" ind2="0">
   <subfield code="a">FMHS</subfield>
  </datafield>
  <datafield tag="505" ind1="0" ind2="0">
   <subfield code="a">Basic word structure -- Terms pertaining to the body as a whole -- Suffixes -- Prefixes -- Digestive system -- Additional suffixes and digestive system terminology -- Urinary system -- Female reproductive system -- Male reproductive system -- Nervous system -- Cardiovascular system -- Respiratory system -- Blood system -- Lymphatic and immune systems -- Musculoskeletal system -- Skin -- Sense organs : the eye and the ear -- Endocrine system -- Cancer medicine (oncology) -- Radiology and nuclear medicine --Pharmacology -- Psychiatry</subfield>
  </datafield>
  <datafield tag="650" ind1="0" ind2="0">
   <subfield code="a">Medicine -- </subfield>
   <subfield code="x">Terminology </subfield>
  </datafield>
  <datafield tag="650" ind1="0" ind2="0">
   <subfield code="a">Terminology as Topic -- </subfield>
   <subfield code="x">Problems and Exercises </subfield>
  </datafield>
  <datafield tag="901" ind1=" " ind2=" ">
   <subfield code="u">http://www.elsevierhealth.com</subfield>
  </datafield>
 </record>
</collection>
